[Event "HUN--chT U12"]
[Site "Budapest"]
[Date "2019.10.28"]
[Round "4.2"]
[White "Bodrogi, Bendeguz"]
[Black "Hajdu, Marton Abris"]
[Result "1-0"]
[WhiteElo "1903"]
[BlackElo "1818"]
[PlyCount "79"]
[EventDate "2019.10.26"]
[EventType "team-swiss"]
[EventRounds "7"]
[EventCountry "HUN"]
[SourceTitle "CBM 192 Extra"]
[Source "Chessbase"]
[SourceDate "2019.11.06"]
[SourceVersion "1"]
[SourceVersionDate "2019.11.06"]
[SourceQuality "1"]
[WhiteTeam "Baptista Sakkiskola"]
[BlackTeam "Barcza Gedeon"]
[WhiteTeamCountry "HUN"]
[BlackTeamCountry "HUN"]

1. c4 c5 2. Nf3 Nf6 3. Nc3 d5 4. cxd5 Nxd5 5. e4 Nb4 6. Bc4 Nd3+ 7. Ke2 Nf4+ 8. Kf1 Be6 9. Bb5+ Nc6 10. d4 cxd4 11. Nxd4 Ng6 12. Nxe6 Qxd1+ 13. Nxd1 fxe6 14. Ne3 0-0-0 15. b3 Nd4 16. Bc4 Ne5 17. Bb2 Nec6 18. Rc1 Kb8 19. f4 g5 20. f5 e5 21. Kf2 Bg7 22. Rhd1 Rhf8 23. Bd5 e6 24. Bxc6 bxc6 25. g4 exf5 26. gxf5 Kb7 27. Nc4 Rf7 28. Na5+ Kb6 29. Nxc6 Nxc6 30. Rxc6+ Kxc6 31. Rxd8 Rc7 32. Rd5 Kb6 33. Bxe5 Rc2+ 34. Kg3 Bxe5+ 35. Rxe5 Rxa2 36. f6 Rb2 37. f7 Rxb3+ 38. Kg4 h5+ 39. Kxg5 Rf3 40. Rf5 1-0

[Event "Wch U08"]
[Site "Santiago de Compostela"]
[Date "2018.11.09"]
[Round "5"]
[White "Mamedov, Edgar"]
[Black "Hajdu, Marton Abris"]
[Result "1-0"]
[WhiteElo "1599"]
[BlackElo "1755"]
[PlyCount "73"]
[EventDate "2018.11.04"]
[EventType "swiss"]
[EventRounds "11"]
[EventCountry "ESP"]
[SourceTitle "EXT 2022"]
[Source "ChessBase"]
[SourceDate "2021.10.06"]
[SourceVersion "1"]
[SourceVersionDate "2021.10.06"]
[SourceQuality "1"]

1. d4 Nf6 2. Nf3 g6 3. Bf4 Bg7 4. e3 d5 5. h3 0-0 6. c4 c5 7. Nc3 cxd4 8. exd4 Nc6 9. Rc1 dxc4 10. Bxc4 Na5 11. Be2 Nd5 12. Bh2 Bh6 13. Nxd5 Bxc1 14. Nc7 Bxb2 15. Qd2 Ba3 16. Qxa5 Bd6 17. Bxd6 exd6 18. Qc3 Rb8 19. 0-0 Bd7 20. Nd5 Bc6 21. Ne3 Rc8 22. Qd2 Be4 23. d5 Bxf3 24. Bxf3 Rc5 25. Qb2 Qc7 26. Ng4 Rc3 27. Nf6+ Kg7 28. Ne4 Rc8 29. Rc1 Qb6 30. Qa1 Qd4 31. Rxc3 f5 32. Rc7+ Rxc7 33. Qxd4+ Kh6 34. Nxd6 b5 35. Nxf5+ Kg5 36. h4+ Kxf5 37. g4# 1-0

[Event "EU-ch U08 28th"]
[Site "Riga"]
[Date "2018.08.21"]
[Round "2"]
[White "Akulov, Yaroslav"]
[Black "Hajdu, Marton Abris"]
[Result "0-1"]
[WhiteElo "1242"]
[BlackElo "1694"]
[PlyCount "50"]
[EventDate "2018.08.20"]
[EventType "swiss"]
[EventRounds "9"]
[EventCountry "LAT"]
[SourceTitle "CBM 186 Extra"]
[Source "ChessBase"]
[SourceDate "2018.08.24"]
[SourceVersion "1"]
[SourceVersionDate "2018.08.24"]
[SourceQuality "1"]

1. e4 c5 2. Nf3 Nc6 3. c3 d5 4. exd5 Qxd5 5. d4 cxd4 6. cxd4 e5 7. Nc3 Bb4 8. Be2 exd4 9. 0-0 Qd8 10. Ne4 Nge7 11. Qb3 Bf5 12. Neg5 0-0 13. Bc4 Bg6 14. a3 Ba5 15. Rd1 Bb6 16. Be3 Na5 17. Qb4 Nec6 18. Qb5 Qc7 19. b4 Nxc4 20. Qxc4 dxe3 21. Rac1 exf2+ 22. Kf1 Rad8 23. Rxd8 Rxd8 24. b5 Na5 25. Qxc7 Bd3# 0-1

[Event "EU-ch U08 28th"]
[Site "Riga"]
[Date "2018.08.20"]
[Round "1"]
[White "Hajdu, Marton Abris"]
[Black "Kovaler, Filipp"]
[Result "1-0"]
[WhiteElo "1694"]
[BlackElo "1113"]
[PlyCount "51"]
[EventDate "2018.08.20"]
[EventType "swiss"]
[EventRounds "9"]
[EventCountry "LAT"]
[SourceTitle "CBM 186 Extra"]
[Source "ChessBase"]
[SourceDate "2018.08.24"]
[SourceVersion "1"]
[SourceVersionDate "2018.08.24"]
[SourceQuality "1"]

1. e4 c6 2. d4 d5 3. exd5 cxd5 4. c4 Nf6 5. Nc3 Nc6 6. Nf3 Bg4 7. cxd5 Nxd5 8. Qb3 Bxf3 9. gxf3 Nb6 10. d5 Ne5 11. Bb5+ Ned7 12. Bf4 Rc8 13. 0-0 g6 14. Rfe1 Bg7 15. Bd6 Bf6 16. Bxe7 Bxe7 17. d6 0-0 18. dxe7 Qc7 19. exf8Q+ Rxf8 20. Nd5 Nxd5 21. Qxd5 Nf6 22. Qe5 Qb6 23. Rad1 a6 24. Rd6 Qxb5 25. Qxb5 axb5 26. Rxf6 1-0

[Event "EU-ch U08 27th"]
[Site "Mamaia"]
[Date "2017.09.12"]
[Round "7"]
[White "Hajdu, Marton Abris"]
[Black "Bartodziej, Bartosz"]
[Result "0-1"]
[WhiteElo "1280"]
[BlackElo "1402"]
[PlyCount "112"]
[EventDate "2017.09.05"]
[EventType "swiss"]
[EventRounds "9"]
[EventCountry "ROU"]
[SourceTitle "CBM 180 Extra"]
[Source "ChessBase"]
[SourceDate "2017.10.06"]
[SourceVersion "1"]
[SourceVersionDate "2017.10.06"]
[SourceQuality "1"]

1. e4 c5 2. Nf3 a6 3. c4 Nc6 4. d4 cxd4 5. Nxd4 e5 6. Nc2 Nf6 7. Nc3 Bc5 8. Be3 Bxe3 9. Nxe3 d6 10. Be2 0-0 11. 0-0 Be6 12. b3 Rc8 13. Ncd5 Nxe4 14. Bd3 Nf6 15. Qb1 h6 16. Nxf6+ Qxf6 17. Rd1 Rfd8 18. Bf5 Rc7 19. Be4 Nd4 20. Qd3 Qg5 21. Bd5 Bg4 22. Nxg4 Qxg4 23. f3 Qg5 24. Rac1 Qf5 25. Be4 Qg5 26. Bd5 a5 27. Ra1 b6 28. Rac1 Nf5 29. Be4 Ne3 30. Rd2 Nxg2 31. Rxg2 Qxc1+ 32. Kf2 Qb2+ 33. Kf1 Qa1+ 34. Ke2 Qxa2+ 35. Kf1 Qa1+ 36. Ke2 Qb2+ 37. Kf1 Qd4 38. Qb1 a4 39. Bd5 Kh8 40. bxa4 Ra7 41. Rg4 Qd2 42. Qxb6 Qa5 43. Qe3 Qxa4 44. Kg2 Qc2+ 45. Kh3 Ra2 46. Qg1 g5 47. Bxf7 Qe2 48. Bd5 Rf8 49. Qh1 Rd2 50. Qg1 Rxf3+ 51. Bxf3 Qxf3+ 52. Qg3 Qf1+ 53. Qg2 Rxg2 54. Rxg2 Kh7 55. Kg3 Qf4+ 56. Kh3 Qh4# 0-1